Statistics for Guess the F1 2020 championship order

Click here to take the quiz!

General Stats

  • This quiz has been taken 419 times
  • The average score is 23 of 33

Answer Stats

GroupPositionConstructor% Correct
G11Mercedes
99%
G12Red Bull racing Honda
99%
G13McLaren Renault
96%
G21Lewis Hamilton
90%
G23Max Verstappen
88%
G22Valtterri Bottas
88%
G110Williams Mercedes
88%
G16Ferrari
87%
G14Racing Point BWT Mercedes
87%
G19Haas Ferrari
86%
G15Renault
85%
G17Alpha Tauri Honda
83%
G24Sergio Perez
82%
G18Alfa Romeo Racing Ferrari
80%
G25Daniel Ricciardo
74%
G26Carlos Sainz
72%
G27Alexander Albon
69%
G28Charles Leclerc
66%
G29Lando Norris
66%
G210Pierre Gasly
64%
G213Sebastian Vettel
62%
G211Lance Stroll
61%
G212Esteban Ocon
54%
G221Nicholas Latifi
52%
G214Daniil Kvyat
49%
G218George Russell
49%
G216Kimi Räikkönen
47%
G219Romain Grosjean
47%
G220Kevin Magnussen
46%
G217Antonio Giovinazzi
44%
G215Nico Hülkenberg (Stand-in for RP)
40%
G223Pietro Fittipaldi (Stand-in for Haas)
38%
G222Jack Aitken (Stand-in for Williams)
36%

Score Distribution

Percentile by Number Answered

Percent of People with Each Score

Your Score History

You have not taken this quiz